Football by Letter - J - Statistics

General Stats
  • This quiz has been taken 68 times
  • The average score is 14 of 15
Answer Stats
Hint Answer % Correct
Portuguese coach who has won 25 senior trophies with FC Porto, Chelsea, Real Madrid, Inter Milan, Manchester United, AS Roma but not Tottenham Hotspur {José} Mourinho
100%
Manchester City English winger who has been criticised since his transfer from Aston Villa {Jack} Grealish
98%
Brazilian forward who signed for Arsenal from Manchester City in 2022 Gabriel {Jesus}
97%
Colombian midfielder who won the FIFA Puskás Award 2014 with his strike against Uruguay in World Cup {James} Rodríguez
97%
English striker known for drinking energy drinks before a game and also destroying a pride flag in Bramall Lane {Jamie} Vardy
95%
English wonderkid who currently plays for Borussia Dortmund and has an estimated market value of over €100m {Jude} Bellingham
95%
Serie A team based in Turin nicknamed 'the Old Lady' Juventus
95%
Nicknamed 'Lingardinho', this former Manchester United midfielder has had a tough career since 2018 {Jesse} Lingard
93%
Italian midfielder who played for Chelsea for 5 seasons before transferring to Arsenal in 2023 Jorginho
93%
Manchester United winger who was a Manchester City academy player {Jadon} Sancho
90%
The country which the oldest ever active professional footballer (56 years old) is from Japan
90%
Portuguese full back who was loaned to Bayern Munich partially because Pep Guardiola starts Nathan Aké over him {João} Cancelo
88%
Nigerian midfielder who has played for Paris Saint-Germain, Eintracht Frankfurt and Bolton Wanderers {Jay-Jay} Okocha
87%
Former Bayern manager who got sacked and replaced by Thomas Tuchel {Julian} Nagelsmann
83%
Brazilian midfielder who was very well known for his free-kicks. Spent most of his career in Lyon. Juninho
75%
No matching quizzes found
Score Distribution
Percent of People with Each Score
Percentile by Number Answered
Your Score History
You have not taken this quiz